000 00317nam a2200133Ia 4500
008 230818s2006 xx 000 0 und d
041 _aeng
100 _aflona
245 _a101 Fantastic
260 _bBritish Library cataloguing in Pub.
_c2006
300 _a100p
520 _aGeneral
999 _c853092
_d853092
650 _aFood Production